[Event "Oebro Nytaar 2016"]
[Site "Copenhagen"]
[Date "2016.12.27"]
[Round "1.1"]
[White "Stage Steffensen, Sander"]
[Black "Hector, Jonny"]
[Result "0-1"]
[WhiteElo "1871"]
[BlackElo "2488"]
[PlyCount "60"]
[EventDate "2016.12.??"]
[EventType "swiss"]
[EventRounds "7"]
[EventCountry "DEN"]
[WhiteClock "0:55:38"]
[BlackClock "1:30:15"]

1. e4 e5 2. Nf3 Nc6 3. Bc4 Nf6 4. d3 Bc5 5. Nc3 d6 6. h3 Be6 7. Bb3 h6 8. Na4
Bb4+ 9. c3 Ba5 10. Bxe6 fxe6 11. b4 Bb6 12. Nxb6 axb6 13. O-O O-O 14. Re1 Qe8
15. Bd2 Nh5 16. d4 exd4 17. Nxd4 Ne5 18. Nxe6 Qxe6 19. Qxh5 Rxa2 20. Rxa2 Qxa2
21. Re2 Qb1+ 22. Kh2 Qd1 23. f4 g6 24. Qxh6 Qxe2 25. fxe5 Qxe4 26. exd6 Qe5+
27. Kg1 Qxd6 28. Be3 c5 29. bxc5 bxc5 30. c4 Rf5 0-1

[Event "Oebro Nytaar 2016"]
[Site "Copenhagen"]
[Date "2016.12.27"]
[Round "1.2"]
[White "Korley, Kassa"]
[Black "Andersen, Daniel"]
[Result "1-0"]
[WhiteElo "2377"]
[BlackElo "1859"]
[PlyCount "55"]
[EventDate "2016.12.??"]
[EventType "swiss"]
[EventRounds "7"]
[EventCountry "DEN"]
[WhiteClock "1:13:50"]
[BlackClock "1:30:16"]

1. d4 Nf6 2. Nf3 g6 3. c4 Bg7 4. g3 c6 5. Bg2 O-O 6. O-O d5 7. Qb3 dxc4 8. Qxc4
Qb6 9. Nc3 Be6 10. Qd3 Na6 11. e4 Rfd8 12. h3 h6 13. Qe2 Qb4 14. Rd1 Nc7 15.
Be3 Bc4 16. Qc2 Nb5 17. Ne5 Nxc3 18. bxc3 Qb5 19. Rab1 Qa6 20. Nxc4 Qxc4 21.
Rxb7 e5 22. Qb3 Qe6 23. d5 cxd5 24. exd5 Qd6 25. c4 Nd7 26. c5 Nxc5 27. Bxc5
Qxc5 28. d6 1-0

[Event "Oebro Nytaar 2016"]
[Site "Copenhagen"]
[Date "2016.12.27"]
[Round "1.3"]
[White "Hansen, Verner"]
[Black "Haubro, Martin"]
[Result "0-1"]
[WhiteElo "1862"]
[BlackElo "2353"]
[PlyCount "66"]
[EventDate "2016.12.??"]
[EventType "swiss"]
[EventRounds "7"]
[EventCountry "DEN"]
[WhiteClock "0:42:22"]
[BlackClock "1:02:53"]

1. e4 c5 2. Nc3 Nc6 3. d3 g6 4. g3 Bg7 5. Bg2 e6 6. f4 Nge7 7. Nf3 O-O 8. Be3
d6 9. d4 Qb6 10. Na4 Qa5+ 11. Nc3 Qb4 12. Bd2 cxd4 13. Nd5 Qxb2 14. Nxe7+ Nxe7
15. O-O Qb6 16. Rb1 Qc7 17. Rb4 Nc6 18. Rb3 b6 19. e5 Ba6 20. Re1 Bc4 21. Ra3
Rad8 22. Kh1 dxe5 23. fxe5 Rd5 24. Bf4 Qe7 25. Qc1 Rc8 26. Nd2 Nxe5 27. Bxd5
Bxd5+ 28. Kg1 Bf8 29. Ra4 Nd3 30. Qd1 Nxe1 31. Qxe1 Rxc2 32. Rxd4 Qc5 33. Qe3
Qxd4 0-1

[Event "Oebro Nytaar 2016"]
[Site "Copenhagen"]
[Date "2016.12.27"]
[Round "1.4"]
[White "Rostgaard, Tobias Valentin"]
[Black "Ozcan, Guney"]
[Result "1-0"]
[WhiteElo "2338"]
[BlackElo "1861"]
[PlyCount "49"]
[EventDate "2016.12.??"]
[EventType "swiss"]
[EventRounds "7"]
[EventCountry "DEN"]
[WhiteClock "1:27:51"]
[BlackClock "0:56:36"]

1. d4 d5 2. Nf3 Nc6 3. Bf4 Bf5 4. e3 a6 5. Be2 Nf6 6. h3 Nb4 7. Na3 h6 8. O-O
g5 9. Be5 Qd7 10. c3 Nc6 11. c4 Rg8 12. cxd5 Nxd5 13. Nc4 g4 14. hxg4 Rxg4 15.
Bg3 f6 16. Nh4 Nxe3 17. Nxe3 Rxd4 18. Nhxf5 Rxd1 19. Bh5+ Kd8 20. Rfxd1 Kc8 21.
Rxd7 Kxd7 22. Rd1+ Ke6 23. Nd4+ Nxd4 24. Rxd4 f5 25. Nd5 1-0

[Event "Oebro Nytaar 2016"]
[Site "Copenhagen"]
[Date "2016.12.27"]
[Round "1.5"]
[White "Maselli, Daniel"]
[Black "Nilssen, John Arni"]
[Result "0-1"]
[WhiteElo "1858"]
[BlackElo "2311"]
[PlyCount "72"]
[EventDate "2016.12.??"]
[EventType "swiss"]
[EventRounds "7"]
[EventCountry "DEN"]
[WhiteClock "0:24:14"]
[BlackClock "0:33:34"]

1. d4 Nf6 2. Nf3 g6 3. Bg5 Bg7 4. e3 O-O 5. Bd3 d6 6. O-O Qe8 7. Nbd2 e5 8.
Bxf6 Bxf6 9. c4 exd4 10. exd4 Nc6 11. Ne4 Bg7 12. Re1 Qd8 13. d5 Nb4 14. Bf1
Bg4 15. Be2 Re8 16. Nc3 Bxf3 17. gxf3 Qh4 18. Ne4 Bxb2 19. Rb1 Be5 20. Ng3 Nxa2
21. Rxb7 Nc3 22. Qc2 Re7 23. Bf1 Qf6 24. Re3 a5 25. f4 Bd4 26. Rxc3 Bxc3 27.
Ne4 Qf5 28. Bd3 Bd4 29. Ng3 Qxf4 30. Rb3 a4 31. Ra3 Bxf2+ 32. Qxf2 Qc1+ 33. Kg2
Qxa3 34. Qf6 Qxd3 35. Qxe7 Qxc4 36. Nh5 Qxd5+ 0-1

[Event "Oebro Nytaar 2016"]
[Site "Copenhagen"]
[Date "2016.12.27"]
[Round "1.6"]
[White "Jacobsen, Mikkel Manosri"]
[Black "Pasztor, Mads"]
[Result "1-0"]
[WhiteElo "2264"]
[BlackElo "1856"]
[PlyCount "51"]
[EventDate "2016.12.??"]
[EventType "swiss"]
[EventRounds "7"]
[EventCountry "DEN"]
[WhiteClock "1:32:00"]
[BlackClock "1:10:07"]

1. d4 e6 2. Nf3 Nf6 3. Bg5 Be7 4. e3 O-O 5. Bd3 d5 6. Ne5 c5 7. c3 Nc6 8. f4
Ne4 9. Nxc6 bxc6 10. Bxe7 Qxe7 11. Bxe4 dxe4 12. Nd2 Rb8 13. Rb1 cxd4 14. cxd4
c5 15. Nxe4 cxd4 16. Qxd4 Bb7 17. O-O Bxe4 18. Qxe4 Rfd8 19. Qc2 g6 20. Rfd1
Qb4 21. b3 Rbc8 22. Rxd8+ Rxd8 23. Rd1 Rxd1+ 24. Qxd1 Qe4 25. Qd8+ Kg7 26. Qd4+
1-0

[Event "Oebro Nytaar 2016"]
[Site "Copenhagen"]
[Date "2016.12.27"]
[Round "1.7"]
[White "Kakulidis, Ellen"]
[Black "Reimanis, Ritvars"]
[Result "0-1"]
[WhiteElo "1851"]
[BlackElo "2257"]
[PlyCount "50"]
[EventDate "2016.12.??"]
[EventType "swiss"]
[EventRounds "7"]
[EventCountry "DEN"]
[WhiteClock "0:02:50"]
[BlackClock "1:09:45"]

1. d4 Nf6 2. c4 e6 3. Nf3 d5 4. Bg5 Nbd7 5. Nc3 Be7 6. Qc2 O-O 7. cxd5 exd5 8.
e3 c6 9. Bd3 Re8 10. h3 Nf8 11. O-O Ng6 12. Bxf6 Bxf6 13. b4 a6 14. a4 Be6 15.
Rab1 Rc8 16. Qd2 Be7 17. Rfc1 Bd6 18. Bf1 Bf5 19. Rb3 Qf6 20. Ne1 Bb8 21. Nd3
Nh4 22. Qd1 Qg6 23. Kh1 Nxg2 24. Bxg2 Bxd3 25. Qg4 Qd6 0-1

[Event "Oebro Nytaar 2016"]
[Site "Copenhagen"]
[Date "2016.12.27"]
[Round "1.8"]
[White "Seegert, Kristian"]
[Black "Frambol, Christian Emil"]
[Result "1-0"]
[WhiteElo "2255"]
[BlackElo "1849"]
[PlyCount "67"]
[EventDate "2016.12.??"]
[EventType "swiss"]
[EventRounds "7"]
[EventCountry "DEN"]
[WhiteClock "0:04:54"]
[BlackClock "0:15:53"]

1. e4 c6 2. d4 d5 3. Nc3 dxe4 4. Nxe4 Bf5 5. Ng3 Bg6 6. h4 h6 7. N1e2 Nf6 8.
Nf4 Bh7 9. Bc4 e6 10. O-O Be7 11. Bxe6 fxe6 12. Nxe6 Qd7 13. Nh5 Kf7 14. Nhxg7
Na6 15. Bxh6 Bxc2 16. Qxc2 Rxh6 17. Nf5 Rhh8 18. Rae1 Rae8 19. Ng5+ Kf8 20.
Nxe7 Rxe7 21. Qg6 Qd6 22. Re5 Rg7 23. Qf5 Nc7 24. Ne6+ Kf7 25. Nxc7 Rxh4 26.
Qe6+ Qxe6 27. Nxe6 Rg6 28. f3 Rgh6 29. Ng5+ Kg7 30. Kf2 Kg6 31. Ne4 Rh7 32. Re6
Rf7 33. g4 Rh2+ 34. Kg3 1-0

[Event "Oebro Nytaar 2016"]
[Site "Copenhagen"]
[Date "2016.12.27"]
[Round "1.9"]
[White "Gregor, Bjarke"]
[Black "Lauridsen, Jesper Morch"]
[Result "0-1"]
[WhiteElo "1848"]
[BlackElo "2247"]
[PlyCount "58"]
[EventDate "2016.12.??"]
[EventType "swiss"]
[EventRounds "7"]
[EventCountry "DEN"]
[WhiteClock "0:00:25"]
[BlackClock "0:00:49"]

1. e4 e5 2. Nf3 Nc6 3. Bc4 Nf6 4. Ng5 Bc5 5. Nxf7 Bxf2+ 6. Kf1 Qe7 7. Nxh8 Bb6
8. d3 d5 9. exd5 Bg4 10. Qd2 O-O-O 11. Nf7 Qxf7 12. Ke1 Na5 13. Rf1 Qh5 14.
Rxf6 Qxh2 15. Qg5 Qg3+ 16. Kd2 gxf6 17. Qxf6 Nxc4+ 18. Kc3 Nd6 19. Qh6 Nb5+ 20.
Kc4 Bd7 21. Nc3 Qg4+ 22. Ne4 Nd6+ 23. Kb3 Nxe4 24. dxe4 Qxe4 25. Qd2 Qa4+ 26.
Kc3 Ba5+ 27. Kd3 Qd4+ 28. Ke2 Bg4+ 29. Ke1 Qg1# 0-1

[Event "Oebro Nytaar 2016"]
[Site "Copenhagen"]
[Date "2016.12.27"]
[Round "1.10"]
[White "Olsen, Peter Erik"]
[Black "Moller, Arne Vagn"]
[Result "1-0"]
[WhiteElo "2228"]
[BlackElo "1819"]
[PlyCount "101"]
[EventDate "2016.12.??"]
[EventType "swiss"]
[EventRounds "7"]
[EventCountry "DEN"]
[WhiteClock "0:19:08"]
[BlackClock "0:19:56"]

1. d4 Nf6 2. Bg5 e6 3. e3 Be7 4. Bd3 d5 5. Nd2 Nbd7 6. Ngf3 b6 7. O-O Bb7 8.
Qe2 Ne4 9. Bxe7 Qxe7 10. c3 O-O 11. Rad1 f6 12. Rfe1 Rae8 13. c4 Nxd2 14. Nxd2
f5 15. Nf3 c6 16. Qc2 Qf6 17. b4 g5 18. a4 Re7 19. c5 g4 20. Nd2 e5 21. dxe5
Nxe5 22. Nf1 Qg5 23. Ng3 Bc8 24. Bf1 h5 25. Kh1 h4 26. Ne2 Rg7 27. Nf4 Qh6 28.
b5 g3 29. h3 Bb7 30. bxc6 Bxc6 31. cxb6 axb6 32. Nxd5 Kh8 33. f4 Ng4 34. Rd4
Nf2+ 35. Kg1 Qe6 36. Bc4 Qg6 37. Qe2 Bb7 38. Rb1 Bxd5 39. Bxd5 Rd8 40. Bf7 Qf6
41. Rxd8+ Qxd8 42. Qh5+ Rh7 43. Qxf5 Nxh3+ 44. gxh3 Rxf7 45. Qxf7 Qd2 46. Qe8+
Kg7 47. Qe5+ Kg8 48. Rb2 Qc1+ 49. Kg2 Qc6+ 50. e4 Qxa4 51. f5 1-0

[Event "Oebro Nytaar 2016"]
[Site "Copenhagen"]
[Date "2016.12.27"]
[Round "2.1"]
[White "Hector, Jonny"]
[Black "Vesterli, Michael E"]
[Result "1-0"]
[WhiteElo "2488"]
[BlackElo "2102"]
[PlyCount "45"]
[EventDate "2016.12.??"]
[EventType "swiss"]
[EventRounds "7"]
[EventCountry "DEN"]
[WhiteClock "1:30:09"]
[BlackClock "1:07:00"]

1. e4 c5 2. Nf3 d6 3. d4 cxd4 4. Nxd4 Nf6 5. Nc3 Nc6 6. f4 e6 7. Nf3 Be7 8. Bd3
a6 9. O-O O-O 10. a3 b5 11. Qe1 b4 12. Na4 bxa3 13. bxa3 e5 14. Rb1 Nd7 15. Bc4
Nc5 16. Nxc5 dxc5 17. Bd5 Bd7 18. Nxe5 Nxe5 19. fxe5 Bb5 20. Rf3 Ra7 21. Be3
Qc7 22. Qg3 Kh8 23. Bxf7 1-0

[Event "Oebro Nytaar 2016"]
[Site "Copenhagen"]
[Date "2016.12.27"]
[Round "2.2"]
[White "Porte, Henrik"]
[Black "Korley, Kassa"]
[Result "0-1"]
[WhiteElo "2062"]
[BlackElo "2377"]
[PlyCount "76"]
[EventDate "2016.12.??"]
[EventType "swiss"]
[EventRounds "7"]
[EventCountry "DEN"]
[WhiteClock "0:00:38"]
[BlackClock "0:02:52"]

1. d4 d5 2. c4 e6 3. Nc3 a6 4. Nf3 dxc4 5. a4 Nc6 6. e3 Na5 7. Ne5 Nf6 8. Nxc4
Nxc4 9. Bxc4 c5 10. O-O Bd6 11. dxc5 Bxc5 12. Qe2 O-O 13. e4 Nd7 14. Bf4 Qf6
15. Bg3 Ne5 16. Bb3 Nc6 17. Qh5 b6 18. Bc2 Qg6 19. Qxg6 hxg6 20. Rad1 Nb4 21.
Bb1 Bb7 22. Bd6 Rfd8 23. Bxc5 bxc5 24. f3 Kf8 25. Kf2 Ke7 26. Ke3 Bc6 27. g3 g5
28. f4 gxf4+ 29. gxf4 Rh8 30. Rd2 Rh3+ 31. Rf3 Rah8 32. Rdf2 Rxh2 33. f5 Rxf2
34. Rxf2 Rh3+ 35. Kf4 exf5 36. Kxf5 Bd7+ 37. Kf4 f6 38. Nd5+ Kd6 0-1

[Event "Oebro Nytaar 2016"]
[Site "Copenhagen"]
[Date "2016.12.27"]
[Round "2.3"]
[White "Haubro, Martin"]
[Black "Olsen, Michael Richard W"]
[Result "1-0"]
[WhiteElo "2353"]
[BlackElo "2043"]
[PlyCount "59"]
[EventDate "2016.12.??"]
[EventType "swiss"]
[EventRounds "7"]
[EventCountry "DEN"]
[WhiteClock "0:18:16"]
[BlackClock "0:02:43"]

1. e4 d5 2. exd5 Qxd5 3. Nc3 Qd8 4. Nf3 Nf6 5. Bc4 e6 6. d4 Nbd7 7. O-O Nb6 8.
Bd3 Bd6 9. Ne2 O-O 10. c4 c5 11. b4 cxd4 12. c5 e5 13. cxd6 e4 14. Bxe4 Nxe4
15. Qxd4 Nxd6 16. Rd1 Qe8 17. Qxd6 Qxe2 18. Be3 Bg4 19. Rd2 Qa6 20. Ne5 Be6 21.
Rc1 Qa3 22. Rc7 Bxa2 23. h4 Rfe8 24. h5 h6 25. Ng4 Be6 26. Nxh6+ gxh6 27. Qg3+
Kh7 28. Qg6+ Kh8 29. Bd4+ f6 30. Bxf6# 1-0

[Event "Oebro Nytaar 2016"]
[Site "Copenhagen"]
[Date "2016.12.27"]
[Round "2.4"]
[White "Kistrup, Nicolai"]
[Black "Rostgaard, Tobias Valentin"]
[Result "0-1"]
[WhiteElo "2023"]
[BlackElo "2338"]
[PlyCount "76"]
[EventDate "2016.12.??"]
[EventType "swiss"]
[EventRounds "7"]
[EventCountry "DEN"]
[WhiteClock "0:00:33"]
[BlackClock "1:00:12"]

1. d4 Nf6 2. Nf3 e6 3. c4 b6 4. g3 Bb4+ 5. Bd2 a5 6. Bg2 Bb7 7. O-O O-O 8. Nc3
d6 9. b3 Nbd7 10. a3 Bxc3 11. Bxc3 Be4 12. Nd2 Bxg2 13. Kxg2 d5 14. Qc2 c5 15.
Rfd1 cxd4 16. Bxd4 e5 17. Bb2 Qc7 18. Rac1 d4 19. b4 Rfc8 20. Nf1 b5 21. c5
Qc6+ 22. Kg1 axb4 23. axb4 Nd5 24. Qb3 Ra4 25. Ba3 Rca8 26. Ra1 Nxb4 27. Bb2
Nxc5 28. Qf3 Qxf3 29. exf3 Rxa1 30. Rxa1 Rxa1 31. Bxa1 Nb3 32. Bb2 Nd3 33. Ba3
b4 34. Bxb4 Nxb4 35. f4 e4 36. g4 Nc2 37. Kg2 d3 38. f3 e3 0-1

[Event "Oebro Nytaar 2016"]
[Site "Copenhagen"]
[Date "2016.12.27"]
[Round "2.5"]
[White "Nilssen, John Arni"]
[Black "Surender, Anil"]
[Result "1-0"]
[WhiteElo "2311"]
[BlackElo "2025"]
[PlyCount "55"]
[EventDate "2016.12.??"]
[EventType "swiss"]
[EventRounds "7"]
[EventCountry "DEN"]
[WhiteClock "0:16:06"]
[BlackClock "0:16:46"]

1. d4 g6 2. c4 Bg7 3. e4 d6 4. Nc3 Nc6 5. d5 Nd4 6. Nge2 c5 7. Be3 Qb6 8. Qd2
Bd7 9. Rb1 Nxe2 10. Bxe2 a5 11. O-O Nf6 12. h3 Qc7 13. Rbd1 h5 14. f4 h4 15. e5
Nh5 16. e6 fxe6 17. Qd3 Bxc3 18. Qxg6+ Kd8 19. bxc3 Nf6 20. dxe6 Bxe6 21. f5
Bd7 22. Bf4 Ra6 23. Qg7 Rg8 24. Qh6 Bc6 25. Bf3 Bxf3 26. Rxf3 Qc6 27. Rxd6+
exd6 28. Qxf6+ 1-0

[Event "Oebro Nytaar 2016"]
[Site "Copenhagen"]
[Date "2016.12.27"]
[Round "2.6"]
[White "Nielsen, Morten Majlund"]
[Black "Jacobsen, Mikkel Manosri"]
[Result "0-1"]
[WhiteElo "2032"]
[BlackElo "2264"]
[PlyCount "82"]
[EventDate "2016.12.??"]
[EventType "swiss"]
[EventRounds "7"]
[EventCountry "DEN"]
[WhiteClock "0:27:16"]
[BlackClock "1:06:00"]

1. d4 Nf6 2. c4 e6 3. Nc3 d5 4. cxd5 exd5 5. Bg5 c6 6. e3 Bf5 7. Qf3 Bg6 8.
Bxf6 gxf6 9. Rd1 Nd7 10. Nge2 Qb6 11. Rd2 O-O-O 12. a3 Re8 13. Ng3 Qa5 14. Nf5
Bxa3 15. bxa3 Bxf5 16. Qxf5 Qxc3 17. Qd3 Qxd3 18. Bxd3 Kc7 19. Ke2 Kd6 20. Rb1
b5 21. Bf5 Nb6 22. Rd3 h6 23. Rc3 a5 24. Kd3 Re7 25. e4 Rhe8 26. f3 Nc4 27. Ke2
Rb8 28. Kd3 b4 29. axb4 Ra7 30. Rcb3 a4 31. Rc3 Rab7 32. Rxc4 dxc4+ 33. Kxc4 a3
34. Kc3 Rxb4 35. Ra1 Rb3+ 36. Kc2 Rb2+ 37. Kc1 a2 38. e5+ fxe5 39. dxe5+ Kxe5
40. Bc2 Kd4 41. Kd2 c5 0-1

[Event "Oebro Nytaar 2016"]
[Site "Copenhagen"]
[Date "2016.12.27"]
[Round "2.7"]
[White "Reimanis, Ritvars"]
[Black "Berg, Arthur"]
[Result "1-0"]
[WhiteElo "2257"]
[BlackElo "1983"]
[PlyCount "73"]
[EventDate "2016.12.??"]
[EventType "swiss"]
[EventRounds "7"]
[EventCountry "DEN"]
[WhiteClock "0:56:31"]
[BlackClock "0:07:48"]

1. d4 Nf6 2. c4 c5 3. d5 b5 4. cxb5 a6 5. bxa6 Bxa6 6. Nc3 g6 7. Nf3 d6 8. g3
Bg7 9. Bg2 Nfd7 10. O-O Nb6 11. Re1 N8d7 12. Rb1 O-O 13. Qc2 Nc4 14. Nd2 Qa5
15. Nxc4 Bxc4 16. Bd2 Bxc3 17. Bxc3 Qxa2 18. Qd2 Nb6 19. Qh6 f6 20. e4 Na4 21.
Bh3 Nxc3 22. Be6+ Kh8 23. bxc3 Rfb8 24. Rxb8+ Rxb8 25. Bf7 e5 26. Bxg6 Qa7 27.
Bf5 Qg7 28. Qh5 Kg8 29. Kg2 Qa7 30. h4 Bd3 31. Qh6 Qe7 32. Ra1 Rd8 33. Rd1 Ba6
34. Be6+ Kh8 35. Ra1 Bb5 36. Ra7 Bd7 37. Rxd7 1-0

[Event "Oebro Nytaar 2016"]
[Site "Copenhagen"]
[Date "2016.12.27"]
[Round "2.8"]
[White "Petersen, Nils"]
[Black "Seegert, Kristian"]
[Result "0-1"]
[WhiteElo "2018"]
[BlackElo "2255"]
[PlyCount "88"]
[EventDate "2016.12.??"]
[EventType "swiss"]
[EventRounds "7"]
[EventCountry "DEN"]
[WhiteClock "0:53:40"]
[BlackClock "0:19:58"]

1. c4 e5 2. g3 Nc6 3. Nc3 Bc5 4. Bg2 a6 5. e3 d6 6. Nge2 Ba7 7. O-O h5 8. d4 h4
9. Bxc6+ bxc6 10. dxe5 Bh3 11. Re1 hxg3 12. hxg3 Bg4 13. Kg2 Qg5 14. Rh1 Rxh1
15. Qxh1 Qxe5 16. Qh4 Qf5 17. f4 Nh6 18. Qg5 Qc2 19. Kf2 Kf8 20. Qa5 Nf5 21.
Qa4 Nxe3 22. Bxe3 Bxe3+ 23. Kg2 Qxa4 24. Nxa4 Bxe2 25. Re1 Bxc4 26. Rxe3 Bxa2
27. Nc3 Bd5+ 28. Nxd5 cxd5 29. Ra3 c5 30. Kf3 Ke7 31. Ke3 Kd7 32. Kd3 Kc6 33.
Kc2 d4 34. Ra1 d5 35. Re1 Ra7 36. f5 c4 37. g4 Kc5 38. g5 d3+ 39. Kc1 Rb7 40.
f6 gxf6 41. gxf6 Rb6 42. Rf1 Re6 43. Kd2 Re2+ 44. Kc1 a5 0-1

[Event "Oebro Nytaar 2016"]
[Site "Copenhagen"]
[Date "2016.12.27"]
[Round "2.9"]
[White "Lauridsen, Jesper Morch"]
[Black "Hansen, Rasmus Agertoft"]
[Result "1-0"]
[WhiteElo "2247"]
[BlackElo "1958"]
[PlyCount "41"]
[EventDate "2016.12.??"]
[EventType "swiss"]
[EventRounds "7"]
[EventCountry "DEN"]
[WhiteClock "1:03:44"]
[BlackClock "1:07:49"]

1. e4 Nf6 2. e5 Nd5 3. Nc3 e6 4. Nxd5 exd5 5. Nf3 d6 6. d4 Bg4 7. h3 Bxf3 8.
Qxf3 dxe5 9. dxe5 c6 10. Qg3 Nd7 11. Be2 g6 12. O-O Bg7 13. f4 Qb6+ 14. Kh1 Nc5
15. Bf3 h5 16. Be3 Qb4 17. f5 Ne4 18. Bxe4 Qxe4 19. e6 O-O-O 20. f6 h4 21. Qg4
1-0

[Event "Oebro Nytaar 2016"]
[Site "Copenhagen"]
[Date "2016.12.27"]
[Round "2.10"]
[White "Frank Nielsen, Marie"]
[Black "Olsen, Peter Erik"]
[Result "1/2-1/2"]
[WhiteElo "1969"]
[BlackElo "2228"]
[PlyCount "90"]
[EventDate "2016.12.??"]
[EventType "swiss"]
[EventRounds "7"]
[EventCountry "DEN"]
[WhiteClock "0:11:59"]
[BlackClock "0:15:44"]

1. e4 d5 2. exd5 Qxd5 3. Nc3 Qa5 4. d4 Nf6 5. Bc4 Bg4 6. f3 Bf5 7. Nge2 e6 8.
O-O c6 9. Ng3 Bg6 10. Bf4 Be7 11. Nce4 O-O 12. c3 Nbd7 13. b4 Qd8 14. a3 Nd5
15. Bd2 e5 16. Qe2 exd4 17. cxd4 N7f6 18. Rad1 Re8 19. Qf2 Bd6 20. Nxf6+ Qxf6
21. Bxd5 cxd5 22. Bc1 h6 23. f4 Be4 24. f5 Qh4 25. Bf4 Bxf4 26. Qxf4 Qxf4 27.
Rxf4 Bc2 28. Rc1 Rac8 29. Rf3 Rc4 30. Kf2 Rec8 31. Ne2 Be4 32. Rxc4 Rxc4 33.
Rc3 Bxf5 34. Rxc4 dxc4 35. d5 Kf8 36. Ke3 Ke7 37. Kd4 Bd3 38. Nc3 Kd7 39. a4 b6
40. a5 f6 41. a6 Bf1 42. g3 Kd8 43. Ke4 Kd7 44. Kd4 Kd8 45. Ke4 Kd7 1/2-1/2

[Event "Oebro Nytaar 2016"]
[Site "Copenhagen"]
[Date "2016.12.28"]
[Round "3.1"]
[White "Reimanis, Ritvars"]
[Black "Hector, Jonny"]
[Result "0-1"]
[WhiteElo "2257"]
[BlackElo "2488"]
[PlyCount "102"]
[EventDate "2016.12.??"]
[EventType "swiss"]
[EventRounds "7"]
[EventCountry "DEN"]
[WhiteClock "0:25:06"]
[BlackClock "0:18:44"]

1. d4 d5 2. c4 c6 3. Nf3 Nf6 4. e3 Bf5 5. Nc3 e6 6. Nh4 Be4 7. f3 Bg6 8. Qb3
Qc7 9. Bd2 Be7 10. Be2 Ne4 11. fxe4 Bxh4+ 12. g3 dxc4 13. Qxc4 Be7 14. Bf3 O-O
15. O-O Nd7 16. Rac1 Rad8 17. Rfd1 a6 18. e5 Kh8 19. Bg2 Bh5 20. g4 Bxg4 21.
Rf1 Bh5 22. Ne4 c5 23. Qb3 Bg6 24. Bb4 b6 25. Ba3 Qb8 26. Nd6 Bxd6 27. exd6
Qxd6 28. Qc4 e5 29. dxc5 Nxc5 30. Bxc5 bxc5 31. Qxc5 Qe6 32. b3 Bd3 33. Rfd1 e4
34. Kh1 f5 35. Rg1 Qh6 36. Qa7 Rg8 37. Rc7 Be2 38. Rf7 Qh5 39. Qe7 Rde8 40. Qd7
Bg4 41. Qb7 Bf3 42. Qd7 Bg4 43. Qb7 h6 44. Rc7 Rd8 45. Rc2 Rd3 46. Qb6 Rgd8 47.
Rf2 Qh4 48. Rf4 Rd2 49. Qa5 Qh5 50. a4 Bf3 51. h4 Bg4 0-1

[Event "Oebro Nytaar 2016"]
[Site "Copenhagen"]
[Date "2016.12.28"]
[Round "3.2"]
[White "Korley, Kassa"]
[Black "Lauridsen, Jesper Morch"]
[Result "1-0"]
[WhiteElo "2377"]
[BlackElo "2247"]
[PlyCount "59"]
[EventDate "2016.12.??"]
[EventType "swiss"]
[EventRounds "7"]
[EventCountry "DEN"]
[WhiteClock "0:36:10"]
[BlackClock "0:00:02"]

1. d4 d5 2. Nf3 e6 3. c4 c5 4. cxd5 exd5 5. Nc3 Nc6 6. dxc5 d4 7. Na4 Bxc5 8.
Nxc5 Qa5+ 9. Bd2 Qxc5 10. b4 Qe7 11. Qa4 Bf5 12. b5 Ne5 13. b6+ Kf8 14. Nxe5
Qxe5 15. Bb4+ Ne7 16. Qxa7 Re8 17. Qxb7 d3 18. Rd1 Qb2 19. a3 Kg8 20. e3 Bg4
21. Bxd3 Bxd1 22. O-O Ng6 23. Qd7 Qe5 24. Rxd1 h5 25. Bd6 Nf8 26. Qc7 Qg5 27.
b7 h4 28. b8=Q h3 29. Qbb7 Qg4 30. Qxf7# 1-0

[Event "Oebro Nytaar 2016"]
[Site "Copenhagen"]
[Date "2016.12.28"]
[Round "3.3"]
[White "Seegert, Kristian"]
[Black "Haubro, Martin"]
[Result "1-0"]
[WhiteElo "2255"]
[BlackElo "2353"]
[PlyCount "73"]
[EventDate "2016.12.??"]
[EventType "swiss"]
[EventRounds "7"]
[EventCountry "DEN"]
[WhiteClock "0:01:18"]
[BlackClock "0:11:37"]

1. e4 e5 2. Nf3 Nc6 3. Bb5 a6 4. Ba4 Nf6 5. O-O Be7 6. Re1 b5 7. Bb3 d6 8. c3
O-O 9. h3 Na5 10. Bc2 c5 11. d4 Nd7 12. Nbd2 exd4 13. cxd4 Re8 14. e5 dxe5 15.
dxc5 Bb7 16. b4 Nc6 17. Rb1 Qc7 18. Ne4 Rad8 19. Nd6 Bxd6 20. cxd6 Qb8 21.
Bxh7+ Kf8 22. Be3 Re6 23. Ng5 Rxd6 24. Qh5 Rf6 25. Ne4 Nd4 26. Bxd4 Rh6 27. Qg4
exd4 28. Bf5 Nf6 29. Nxf6 Rxf6 30. Qh4 Rh6 31. Qe7+ Kg8 32. Rbc1 Bd5 33. Rc7
Rhd6 34. Rec1 g6 35. Rc8 Qb6 36. Bxg6 R6d7 37. Qxd7 1-0

[Event "Oebro Nytaar 2016"]
[Site "Copenhagen"]
[Date "2016.12.28"]
[Round "3.4"]
[White "Rostgaard, Tobias Valentin"]
[Black "Nielsen, Viktor"]
[Result "1/2-1/2"]
[WhiteElo "2338"]
[BlackElo "2227"]
[PlyCount "58"]
[EventDate "2016.12.??"]
[EventType "swiss"]
[EventRounds "7"]
[EventCountry "DEN"]
[WhiteClock "0:31:56"]
[BlackClock "0:34:56"]

1. e4 e5 2. Bc4 Nc6 3. d3 Nf6 4. Nc3 Na5 5. Qf3 Nxc4 6. dxc4 d6 7. Nge2 Be7 8.
O-O O-O 9. Ng3 Bg4 10. Qd3 c6 11. f4 exf4 12. Bxf4 Qb6+ 13. Be3 Qc7 14. h3 d5
15. e5 Nh5 16. Nh1 Be6 17. cxd5 cxd5 18. Nxd5 Bxd5 19. Qxd5 g6 20. e6 f5 21.
Qd7 Qxd7 22. exd7 Rfd8 23. Rad1 Nf6 24. Bg5 Rxd7 25. Rxd7 Bc5+ 26. Nf2 Nxd7 27.
Rd1 Nf8 28. Rd5 Ne6 29. Bd2 Rd8 1/2-1/2

[Event "Oebro Nytaar 2016"]
[Site "Copenhagen"]
[Date "2016.12.28"]
[Round "3.5"]
[White "Thuesen, Mogens Henrik"]
[Black "Nilssen, John Arni"]
[Result "1-0"]
[WhiteElo "2212"]
[BlackElo "2311"]
[PlyCount "63"]
[EventDate "2016.12.??"]
[EventType "swiss"]
[EventRounds "7"]
[EventCountry "DEN"]
[WhiteClock "0:03:46"]
[BlackClock "0:00:12"]

1. d4 d5 2. c4 e6 3. Nc3 c6 4. e3 Nf6 5. Nf3 Nbd7 6. Qc2 a6 7. Bd3 dxc4 8. Bxc4
b5 9. Be2 Bb7 10. O-O c5 11. Bd2 Rc8 12. Qd1 Bd6 13. dxc5 Nxc5 14. b4 Nce4 15.
Nxe4 Nxe4 16. Be1 O-O 17. a4 Qf6 18. axb5 Rfd8 19. bxa6 Ba8 20. Qb1 g5 21. Bd3
g4 22. Bxe4 gxf3 23. Bxa8 Rxa8 24. g3 Bc7 25. b5 Rd5 26. Ra4 Bb6 27. Rh4 h5 28.
Rf4 Qg5 29. Qe4 Ra7 30. Bc3 Rxb5 31. Qc6 e5 32. Qxb5 1-0

[Event "Oebro Nytaar 2016"]
[Site "Copenhagen"]
[Date "2016.12.28"]
[Round "3.6"]
[White "Jacobsen, Mikkel Manosri"]
[Black "Brondt, Nicolai Kvist"]
[Result "1-0"]
[WhiteElo "2264"]
[BlackElo "2132"]
[PlyCount "87"]
[EventDate "2016.12.??"]
[EventType "swiss"]
[EventRounds "7"]
[EventCountry "DEN"]
[WhiteClock "0:49:09"]
[BlackClock "0:19:48"]

1. d4 Nf6 2. c4 e6 3. Nf3 b6 4. g3 Bb7 5. Bg2 Bb4+ 6. Nbd2 c5 7. d5 exd5 8. Nh4
Bc6 9. cxd5 Nxd5 10. e4 Ne7 11. Qg4 O-O 12. O-O Bxd2 13. Bxd2 Na6 14. Bc3 f6
15. e5 Kh8 16. exf6 gxf6 17. Qf4 Ng8 18. Bxc6 dxc6 19. Rad1 Qc7 20. Qg4 Rad8
21. Nf5 Nb4 22. Bxb4 cxb4 23. Qxb4 Rf7 24. Rxd8 Qxd8 25. Qc4 Qd7 26. b4 Rf8 27.
Nd4 Ne7 28. Rc1 c5 29. bxc5 bxc5 30. Ne6 Rc8 31. Nf4 Ng6 32. Nh5 Rc6 33. Qe2
Qf7 34. Qb5 Qc7 35. Rxc5 Ne7 36. Rxc6 Nxc6 37. Qc5 Qf7 38. Qxc6 Qxh5 39. Qxf6+
Kg8 40. h4 Qd1+ 41. Kh2 Qa4 42. Qe6+ Kf8 43. h5 Qd4 44. Kg2 1-0